000 00327nam a2200133Ia 4500
008 240624s9999 xx 000 0 und d
041 _aeng
082 _a647.94068 BAU
100 _aBAUM TOM
245 _aHOSPITALITY MANAGEMENT
260 _c2011
_aLondon
_bSage
300 _axxviii, : 318 : p. : cm. ; 23
365 _cGBP
_b38
999 _c24321
_d24321